000 00669nam a2200241Ia 4500
003 OSt
005 20220928103128.0
006 a|||||r|||| 00| 0
007 ta
008 220927b |||||||| |||| 00| 0 eng d
024 _a74111
037 _cTextual
040 _aSDCL
_cSDCL
_beng
041 _2eng
_aeng
082 _aW69y7M18:g(O:g), N4
100 _aAnand Prakash
_9402450
245 0 _aMarxism and literary theory.
260 _aDelhi
_bAcademic Foundation
_c1994
300 _a200p
_ccm.
650 _aMarxism-Literature-Criticism
_9402451
942 _hW69y7M18:g(O:g), N4
_cTEXL
_2CC
999 _c718284
_d718284